000 00615nam a2200241Ia 4500
003 OSt
005 20220924144244.0
006 a|||||r|||| 00| 0
007 ta
008 220923b |||||||| |||| 00| 0 urd d
020 _c2.00
024 _a313103
037 _cTextual
040 _aARTS
_cARTS
_burd
041 _2urd
_aurd
082 _aO168,1M30w, G7
100 _aMohammad Abdul Hakim Hikmat
_9217323
245 0 _aDeedah-e-Ameeri
260 _c1899
650 _aURDU POETRY
942 _hO168,1M30w, G7
_cTEXL
_2CC
999 _c456545
_d456545